ბათუმის შოთა რუსთაველის სახელმწიფო უნივერსიტეტის ბიბლიოთეკა

Общее земледелие с почвоведением (ბიბ.ჩანაწერი № 45621)

000 -LEADER
fixed length control field 00592nam a2200193Ia 4500
001 - CONTROL NUMBER
control field 12447
003 - CONTROL NUMBER IDENTIFIER
control field GE_BSU
008 - FIXED-LENGTH DATA ELEMENTS--GENERAL INFORMATION
fixed length control field 181216s||||||||xx |||||||||||||| ||und||
040 ## - CATALOGING SOURCE
Transcribing agency GE_BSU
080 ## - UNIVERSAL DECIMAL CLASSIFICATION NUMBER
Universal Decimal Classification number 631(075.32)+631.4(075.32)+631.8(075.32)
245 ## - TITLE STATEMENT
Title Общее земледелие с почвоведением
245 ## - TITLE STATEMENT
Statement of responsibility, etc. Под.ред.П.П.Заева и А.А. Короткова
260 ## - PUBLICATION, DISTRIBUTION, ETC.
Place of publication, distribution, etc. Ленинград
260 ## - PUBLICATION, DISTRIBUTION, ETC.
Name of publisher, distributor, etc. Колос
260 ## - PUBLICATION, DISTRIBUTION, ETC.
Date of publication, distribution, etc. 1978
300 ## - PHYSICAL DESCRIPTION
Extent 414стр.22см.
653 ## - INDEX TERM--UNCONTROLLED
Uncontrolled term Общее земледелие с почвоведением
942 ## - ADDED ENTRY ELEMENTS (KOHA)
Koha item type წიგნი
ეგზემპლარები
Withdrawn status Lost status Damaged status Not for loan Date acquired Barcode Date last seen Price effective from Koha item type
        2018-12-17 20712 2018-12-17 2018-12-17 წიგნი